000 00325nam a2200145Ia 4500
005 20260601105536.0
082 _a610.7
_bN00H
100 _aHAWORTH, KEVIN
245 _aNCLEX- RN REVIEW : MADE INCREDIBLY EASY
250 _a1ST
260 _bLIPPINCOTT
_aINDIA
_c2000
300 _a747
650 _aNURSING
942 _2ddc
_cBK
999 _c2358
_d2358